<?xml version="1.0" encoding="UTF-8"?>
<record
    xmlns:xsi="http://www.w3.org/2001/XMLSchema-instance"
    xsi:schemaLocation="http://www.loc.gov/MARC21/slim http://www.loc.gov/standards/marcxml/schema/MARC21slim.xsd"
    xmlns="http://www.loc.gov/MARC21/slim">

  <leader>00645nam a22002177a 4500</leader>
  <controlfield tag="001">3391</controlfield>
  <controlfield tag="003">HMS</controlfield>
  <controlfield tag="005">20260615120247.0</controlfield>
  <controlfield tag="008">260615e2026    cl a|||grn||| 001 0bspa  </controlfield>
  <datafield tag="020" ind1=" " ind2=" ">
    <subfield code="a">9781778004728</subfield>
  </datafield>
  <datafield tag="040" ind1=" " ind2=" ">
    <subfield code="a">hms</subfield>
    <subfield code="b">spa</subfield>
    <subfield code="c">hms</subfield>
  </datafield>
  <datafield tag="082" ind1="0" ind2="4">
    <subfield code="a">306.0983 I65</subfield>
  </datafield>
  <datafield tag="100" ind1="1" ind2=" ">
    <subfield code="a">Ireland, Tom&#xE1;s</subfield>
    <subfield code="9">6090</subfield>
  </datafield>
  <datafield tag="245" ind1="1" ind2="0">
    <subfield code="a">Homo chilensis :</subfield>
    <subfield code="b">In Exilium : Relatos /</subfield>
    <subfield code="c">Tom&#xE1;s Irland</subfield>
    <subfield code="h">[libro]</subfield>
  </datafield>
  <datafield tag="250" ind1=" " ind2=" ">
    <subfield code="a">Segunda impresi&#xF3;n : Marzo 2026</subfield>
  </datafield>
  <datafield tag="260" ind1=" " ind2=" ">
    <subfield code="a">Santiago de Chile :</subfield>
    <subfield code="b">Gr&#xE1;fica LOM,</subfield>
    <subfield code="c">2026</subfield>
  </datafield>
  <datafield tag="300" ind1=" " ind2=" ">
    <subfield code="a">118 p&#xE1;ginas :</subfield>
    <subfield code="b">ilustraciones ;</subfield>
    <subfield code="c">23 cm.</subfield>
  </datafield>
  <datafield tag="500" ind1=" " ind2=" ">
    <subfield code="a">Incluye &#xED;ndice </subfield>
  </datafield>
  <datafield tag="650" ind1=" " ind2="7">
    <subfield code="a">Exilio</subfield>
    <subfield code="y">1973</subfield>
    <subfield code="z">Chile</subfield>
    <subfield code="9">6091</subfield>
  </datafield>
  <datafield tag="942" ind1=" " ind2=" ">
    <subfield code="2">ddc</subfield>
    <subfield code="c">COL GRAL</subfield>
    <subfield code="n">0</subfield>
  </datafield>
  <datafield tag="999" ind1=" " ind2=" ">
    <subfield code="c">3391</subfield>
    <subfield code="d">3391</subfield>
  </datafield>
  <datafield tag="952" ind1=" " ind2=" ">
    <subfield code="0">0</subfield>
    <subfield code="1">0</subfield>
    <subfield code="2">ddc</subfield>
    <subfield code="4">0</subfield>
    <subfield code="7">0</subfield>
    <subfield code="8">col.gral</subfield>
    <subfield code="a">BHMS</subfield>
    <subfield code="b">BHMS</subfield>
    <subfield code="c">DISPLAY</subfield>
    <subfield code="d">2026-06-05</subfield>
    <subfield code="e">Donaci&#xF3;n BCN</subfield>
    <subfield code="i">0003381</subfield>
    <subfield code="l">0</subfield>
    <subfield code="o">306.0983 I65 2026</subfield>
    <subfield code="p">0003381</subfield>
    <subfield code="r">2026-06-15 09:36:00</subfield>
    <subfield code="t">c.1</subfield>
    <subfield code="w">2026-06-15</subfield>
    <subfield code="y">COL GRAL</subfield>
  </datafield>
</record>
